zpět

Detail výsledku týmu

BarBar, Ostrava

Datum a čas kvízu

33.5 Celkem bodů Celkový počet nahraných bodů na tomto kvízu bez doplňovacích otázek.
5. Pořadí na kvízu Konečné umístění týmu na tomto kvízu.

Zaznamenané odpovědi

# Otázka Odpověď Body Výsledky
1. Největší český online prodejce... Rohlik(.cz), Rabbit (CZ) 0.5
2. Jistý stát zažil minulý týden... Čína 1
3. Letošní vyhlášení tuzemských k... Muriel 1
4. Španělská policie zatkla na ji... s viagrou (lékem na potenci) 1
5. 34letý trojnásobný mistr světa... Peter Sagan 1
6. Součástí televizního programu... Hodina pravdy 0
7. Která veřejně známá osobnost z... Ladislav Zibura 0
8. Mezi lety 1996 až 2006 vysílal... Videostop 1
9. V dnešní době je velmi populár... jednou 1
10. Kdo z uvedených nikdy nemodero... D 1